Evénements du 30 mai - Statistiques

Statistiques générales
  • Ce quiz a été pris 33 fois
  • Le résultat moyen est 7 sur 15
Statistiques - réponses
Hint Réponse % Correct
Mort de Voltaire 1778
85%
Exécution de Jeanne d'Arc 1431
81%
Composition du Chant des Partisans 1943
74%
Arte commence à diffuser 1992
74%
Mort de Charles IX de France 1574
59%
Naissance de la réalisatrice Agnès Varda 1928
56%
Mort de Michel Simon 1975
56%
Mort de Pierre Paul Rubens 1640
44%
Naissance de la république du Biafra 1967
44%
Naissance d'Alexandre Nevski 1220
33%
Naissance du réalisateur Louis Daquin 1908
30%
Naissance de Roger Salengro 1890
22%
Naissance du réalisateur Howard Hawks 1896
22%
Création de La Gazette de Théophraste Renaudot 1631
19%
Découverte du krypton par Ramsay et Travers 1898
11%
Aucun quiz correspondant
Distribution des résultats
% des personnes avec chaque résultat
Percentile par nombre de réponses
Votre historique - résultats
Vous n’avez pas pris ce quiz